Frank Quiz From Brawl Stars - Statistics

General Stats
  • This quiz has been taken 57 times
  • The average score is 5 of 15
Answer Stats
Hint Answer % Correct
Max projectile speed 1
95%
Does he have a hyper-charge? Yes
80%
Title The Tank
77%
Rarity Epic
73%
Amount of skins 9
59%
Weapon of choice Hammer
57%
Most espensive skin (Coins) True Gold Frank
18%
If Yes, what is it's name? If no, type Banana Seismic Smash
16%
Hyper-charge attack spread 360 degrees
9%
Attack spread 65 degrees
7%
Most expensive skin (Gems) Frank Vanara
7%
Max speed 970
5%
Max Hp 16 940
2%
Super charge per hit 37.2%
2%
Max Damage Around 10 000
2%
No matching quizzes found
Score Distribution
Percent of People with Each Score
Percentile by Number Answered
Your Score History
You have not taken this quiz